Construction insurance (Record no. 109967)

MARC details
000 -LEADER
fixed length control field 01685cam a22003135a 4500
001 - CONTROL NUMBER
control field E148233
008 - FIXED-LENGTH DATA ELEMENTS--GENERAL INFORMATION
fixed length control field 090821s2009 xxk f 000 0 eng d
020 ## - INTERNATIONAL STANDARD BOOK NUMBER
International Standard Book Number 9781842194997
035 ## - SYSTEM CONTROL NUMBER
System control number (Sirsi) u148233
041 0# - LANGUAGE CODE
Language code of text/sound track or separate title eng
050 04 - LIBRARY OF CONGRESS CALL NUMBER
Classification number 692.8 $2 18
110 2# - MAIN ENTRY--CORPORATE NAME
Corporate name or jurisdiction name as entry element Royal Institution of Chartered Surveyors
9 (RLIN) 4900
245 00 - TITLE STATEMENT
Title Construction insurance
Remainder of title RICS guidance note
Medium [archived]
260 ## - PUBLICATION, DISTRIBUTION, ETC.
Place of publication, distribution, etc. Coventry
Name of publisher, distributor, etc. RICS
Date of publication, distribution, etc. 2009
300 ## - PHYSICAL DESCRIPTION
Extent viii, 66p.
Dimensions 30cm.
490 #0 - SERIES STATEMENT
Series statement RICS Guidance Note
490 #0 - SERIES STATEMENT
Series statement RICS Black Book
505 2# - FORMATTED CONTENTS NOTE
Formatted contents note Introduction -- Insurances personal to members -- Construction risk insurances -- Further guidance on construction insurance issues -- Latent defects insurances
520 ## - SUMMARY, ETC.
Summary, etc. Outlines best practice for property professionals dealing with construction insurance. Offers practical help and advice for each stage of a construction project, from the initial development through to project completion.
520 ## - SUMMARY, ETC.
Summary, etc. This document has been archived and is available on isurv for information purposes only. Refer to other titles in the Black Book series including Management of Risk (ISBN 9781783211074) and Appendix F on Construction Insurance in the guidance entitled Risk, Liability and Insurance, 1st edition 2021, Appendix F was added in October 2023 (ISBN 9781783214167)
521 ## - TARGET AUDIENCE NOTE
Target audience note Advanced
590 ## - LOCAL NOTE (RLIN)
Local note KA
650 24 - SUBJECT ADDED ENTRY--TOPICAL TERM
Topical term or geographic name entry element RICS BLACK BOOK
650 24 - SUBJECT ADDED ENTRY--TOPICAL TERM
Topical term or geographic name entry element RICS QS AND CONSTRUCTION STANDARDS
651 #4 - SUBJECT ADDED ENTRY--GEOGRAPHIC NAME
Geographic name United Kingdom
690 ## - LOCAL SUBJECT ADDED ENTRY--TOPICAL TERM (OCLC, RLIN)
Topical term or geographic name as entry element MANAGEMENT-BUSINESS MANAGEMENT-INSURANCE
856 41 - ELECTRONIC LOCATION AND ACCESS
Uniform Resource Identifier <a href="https://www.isurv.com/downloads/file/1514/archive_construction_insurance_1st_edition">https://www.isurv.com/downloads/file/1514/archive_construction_insurance_1st_edition</a>
Public note Archived on iSurv (subscription required)
942 ## - ADDED ENTRY ELEMENTS (KOHA)
Suppress in OPAC 0
Source of classification or shelving scheme Dewey Decimal Classification
Holdings
Withdrawn status Lost status Source of classification or shelving scheme Damaged status Not for loan Home library Current library Shelving location Date acquired Total Checkouts Full call number Barcode Date last seen Copy number Price effective from Koha item type
    Dewey Decimal Classification     London London RICS Boxes 22/10/2009   RICS 2009/32 30077177 06/08/2019 1 06/08/2019 Archive
    Dewey Decimal Classification     London London Folio 02/04/2014   692.8 ROY 30077178 06/08/2019 1 06/08/2019 Book
    Dewey Decimal Classification     London London Folio 02/04/2014   692.8 ROY 30077180 06/08/2019 2 06/08/2019 Book
    Dewey Decimal Classification     Virtual Virtual Online 05/10/2009   iSurv 148233-2001 25/04/2023 1 06/08/2019 Online material